• 首页
  • 本馆介绍
  • 公告通知
  • 最新文献
  • 馆藏检索
  • 电子资源
  • 读者导购
  • 参考咨询
  • 我的图书馆
  • 登录
  • 详细信息显示
  • 放入我的书架
  • 预约/预借图书
  • 作者相关作品
  • 分类相关作品
  • 丛书相关作品
  • 出版社相关作品

书目信息

  • 表格格式
  • 工作单格式
  • 卡片格式
题名:
风光摄影
    
 
作者: 邵大浪 , 寿冰青 编著
分册:  
出版信息: 长春   吉林摄影出版社  2002
页数: 157页
开本: 21cm
丛书名: 世界光影档案
单 册:
中图分类: J434 , J433
科图分类:
主题词: 风光摄影--世界--摄影集 , 风光摄影
电子资源:
ISBN: 7-80606-493-1
000 00833oam2 2200289 450
001 1536872546
005 20150130102317.23
010    @a7-80606-493-1@dCNY29.00
100    @a20021106d2002 em y0chiy0110 ea
101 0  @achi
102    @aCN@b220000
105    @aa z 000yy
200 1  @a风光摄影@9afeng guang she ying@f邵大浪,寿冰青编著
210    @a长春@c吉林摄影出版社@d2002
215    @a157页@d21cm
225 2  @a世界光影档案
330    @a本书精选了世界上著名摄影师创作的157幅风光摄影作品。
461  0 @12001 @a世界光影档案
510 1  @aLandscape Photography@zeng
606 0  @a风光摄影@y世界@j摄影集
606 0  @a风光摄影
690    @aJ434@v5
690    @aJ433@v4
701  0 @a邵大浪@9ashao da lang@4编著
701  0 @a寿冰青@9ashou bing qing@4编著
801  0 @aCN@bTSSF@c20150130
905    @aZUCC@dJ433@eJY57
    
    风光摄影/邵大浪,寿冰青编著.-长春:吉林摄影出版社,2002
    157页;21cm.-(世界光影档案)
    
    
    ISBN 7-80606-493-1:CNY29.00
    本书精选了世界上著名摄影师创作的157幅风光摄影作品。
●
相关链接 在E读中查询图书 在五车中查询图书 在当当中查询图书 在豆瓣中查询图书


正题名:风光摄影     索取号:J433/JY57         预约/预借

序号 登录号 条形码 馆藏地/架位号 状态 备注
1 7862725   278627256   学院路分馆/ [索取号:J433/JY57] 在馆    
2 7862726   278627265   学院路分馆/ [索取号:J433/JY57] 在馆    
唐山师范学院图书馆 欢迎您!
大连网信软件有限公司© 版权所有